| 000 | 01659cam a22003254a 4500 | ||
|---|---|---|---|
| 001 | 15168702 | ||
| 005 | 20170105102938.0 | ||
| 008 | 080205s2008 caua b 001 0 eng | ||
| 010 | _a 2008004780 | ||
| 020 | _a9781412961202 (pbk. : acidfree paper) | ||
| 040 |
_aDLC _cDLC _dDLC |
||
| 050 | 0 | 0 |
_aJZ5538 _b.B37 2009 |
| 082 | 0 | 0 |
_a303.66 _222 _bBAR 2009 |
| 100 | 1 | _aBarash, David P. | |
| 245 | 1 | 0 |
_aPeace and conflict studies / _cDavid P. Barash, Charles P. Webel. |
| 250 | _a2nd ed. | ||
| 260 |
_aThousand Oaks : _bSage Publications, _c c2009. |
||
| 300 |
_axvii, 523 p. : _bill. ; _c26 cm. |
||
| 504 | _aIncludes bibliographical references and index. | ||
| 505 | 0 | _aThe meanings of peace -- Peace movements -- The meanings of war -- The special significance of nuclear weapons -- The individual level -- The group level -- The state level -- The decision-making level -- The social and economic levels -- Diplomacy, negotiations, and conflict resolution -- Peace through strength? -- Disarmament and arms control -- International organizations -- International law -- World government -- Ethical and religious perspectives -- Human rights -- Ecological wholeness -- Economic well-being -- Nonviolence -- Toward the future. | |
| 650 | 0 | _aPeace. | |
| 650 | 0 | _aWar. | |
| 650 | 0 | _aArms control. | |
| 650 | 0 | _aConflict management. | |
| 700 | 1 | _aWebel, Charles. | |
| 856 | 4 | 1 |
_3Table of contents only _uhttp://www.loc.gov/catdir/toc/ecip0810/2008004780.html |
| 906 |
_a7 _bcbc _corignew _d1 _eecip _f20 _gy-gencatlg |
||
| 942 |
_2ddc _cBK |
||
| 999 |
_c16349 _d16349 |
||